Implementing BPR An Agenda for the CEO (Record no. 1082128)

MARC details
000 -LEADER
fixed length control field 00383nam a2200121Ia 4500
008 - FIXED-LENGTH DATA ELEMENTS--GENERAL INFORMATION
fixed length control field 231228s1996 xx 000 0 und d
041 ## - LANGUAGE CODE
Language code of text/sound track or separate title eng
082 ## - DEWEY DECIMAL CLASSIFICATION NUMBER
Classification number 658.403 JAY
Item number JAY
100 ## - MAIN ENTRY--PERSONAL NAME
Personal name JAYARAMAN (MS) and NATRAJAN (Ganesh )
245 ## - TITLE STATEMENT
Title Implementing BPR An Agenda for the CEO
260 ## - PUBLICATION, DISTRIBUTION, ETC.
Place of publication, distribution, etc. New Delhi
Name of publisher, distributor, etc. Tata McGraw-Hil Publication Company Limited . Delhi
Date of publication, distribution, etc. 1996
300 ## - PHYSICAL DESCRIPTION
Extent xi, 418

No items available.